000 00751nam a2200241Ia 4500
003 OSt
005 20221005034451.0
006 a|||||r|||| 00| 0
007 ta
008 221004b |||||||| |||| 00| 0 urd d
020 _a818182233429 (hbk)
_c150
024 _a30785
037 _b5728/7, 13/03/2010, Modern Publishing House
_cTextual
040 _aCRL
_cCRL
_burd
041 _2urd
_aurd
082 _aO168,6N40x, P8
100 _aKazmi Afsar Ed.
_9179732
245 0 _aMaqalaat-e-Manzar
260 _aDelhi
_bEducational publishing house India
_c2008
650 _aURDU PROSE
_926866
942 _hO168,6N40x, P8
_cTEXL
_2cc
999 _c943412
_d943412